[Event "14e Open"]
[Site "Mont de Marsan"]
[Date "2017.12.26"]
[Round "1.1"]
[White "Corral Saiz, Pedro"]
[Black "Lagarde, Maxime"]
[Result "0-1"]
[BlackElo "2586"]
[WhiteElo "1712"]
[LiveChessVersion "1.4.8"]

1. e4 {[%clk 1:30:57]} g6 {[%clk 1:30:56]} 2. d4 {[%clk 1:30:33]} Bg7
{[%clk 1:31:22]} 3. c4 {[%clk 1:30:52]} d6 {[%clk 1:31:29]} 4. Nc3
{[%clk 1:31:12]} Nf6 {[%clk 1:31:39]} 5. Be3 {[%clk 1:31:07]} O-O
{[%clk 1:28:17]} 6. f3 {[%clk 1:30:59]} Nc6 {[%clk 1:27:36]} 7. Qd2
{[%clk 1:30:20]} Re8 {[%clk 1:27:13]} 8. Nge2 {[%clk 1:29:47]} a6
{[%clk 1:27:35]} 9. g4 {[%clk 1:22:02]} Rb8 {[%clk 1:27:14]} 10. Ng3
{[%clk 1:19:59]} e5 {[%clk 1:27:22]} 11. Nce2 {[%clk 1:13:10]} exd4
{[%clk 1:23:54]} 12. Nxd4 {[%clk 1:13:26]} Ne5 {[%clk 1:23:46]} 13. Be2
{[%clk 1:13:33]} c5 {[%clk 1:23:46]} 14. Nc2 {[%clk 1:13:33]} b5 {[%clk 1:23:19]}
15. cxb5 {[%clk 1:12:26]} axb5 {[%clk 1:23:37]} 16. Rd1 {[%clk 1:12:27]} Nc4
{[%clk 1:22:14]} 17. Bxc4 {[%clk 1:10:21]} bxc4 {[%clk 1:22:30]} 18. Na3
{[%clk 1:09:54]} Be6 {[%clk 1:09:38]} 19. Qc2 {[%clk 1:05:49]} Nd7
{[%clk 1:04:41]} 20. Rxd6 {[%clk 0:52:00]} Rxb2 {[%clk 1:04:04]} 21. Qa4
{[%clk 0:50:50]} Bc3+ {[%clk 1:03:07]} 22. Kf1 {[%clk 0:49:36]} Qf6
{[%clk 1:02:00]} 23. Qd1 {[%clk 0:48:55]} Ne5 {[%clk 1:01:19]} 24. Nf5
{[%clk 0:43:48]} gxf5 {[%clk 1:00:15]} 25. exf5 {[%clk 0:43:18]} Qh4
{[%clk 1:00:29]} 0-1

[Event "14e Open"]
[Site "Mont de Marsan"]
[Date "2017.12.26"]
[Round "1.2"]
[White "Jerez Perez, Alfonso"]
[Black "Laffonta, Matthias"]
[Result "1/2-1/2"]
[BlackElo "1710"]
[WhiteElo "2435"]
[LiveChessVersion "1.4.8"]

1. e4 {[%clk 1:30:57]} c5 {[%clk 1:30:55]} 2. Nf3 {[%clk 1:31:21]} d6
{[%clk 1:31:20]} 3. d4 {[%clk 1:31:45]} cxd4 {[%clk 1:31:45]} 4. Nxd4
{[%clk 1:32:12]} Nf6 {[%clk 1:32:10]} 5. Nc3 {[%clk 1:32:38]} a6 {[%clk 1:32:37]}
6. Be3 {[%clk 1:32:54]} e6 {[%clk 1:32:36]} 7. g4 {[%clk 1:33:16]} Be7
{[%clk 1:30:37]} 8. g5 {[%clk 1:33:00]} Nfd7 {[%clk 1:31:03]} 9. h4
{[%clk 1:33:16]} Qc7 {[%clk 1:30:05]} 10. Qd2 {[%clk 1:32:52]} b5
{[%clk 1:28:40]} 11. O-O-O {[%clk 1:31:54]} Bb7 {[%clk 1:26:51]} 12. f3
{[%clk 1:30:23]} Nc6 {[%clk 1:25:13]} 13. Kb1 {[%clk 1:28:28]} Nde5
{[%clk 1:23:18]} 14. f4 {[%clk 1:25:53]} Nd7 {[%clk 1:21:57]} 15. f5
{[%clk 1:20:23]} Nxd4 {[%clk 1:20:52]} 16. Qxd4 {[%clk 1:19:11]} e5
{[%clk 1:20:17]} 17. Qd2 {[%clk 1:19:03]} Rc8 {[%clk 1:17:30]} 18. h5
{[%clk 1:16:05]} b4 {[%clk 1:11:43]} 19. Nd5 {[%clk 1:15:26]} Bxd5
{[%clk 1:12:08]} 20. exd5 {[%clk 1:15:47]} Qb7 {[%clk 1:05:46]} 21. Bh3
{[%clk 1:12:07]} f6 {[%clk 0:58:12]} 22. h6 {[%clk 1:11:20]} Bf8 {[%clk 0:49:49]}
23. g6 {[%clk 1:07:11]} Nc5 {[%clk 0:47:16]} 24. Bxc5 {[%clk 1:01:06]} Rxc5
{[%clk 0:46:22]} 25. hxg7 {[%clk 1:00:03]} Bxg7 {[%clk 0:46:18]} 26. gxh7
{[%clk 1:00:22]} Rxh7 {[%clk 0:45:22]} 27. Bg2 {[%clk 1:00:43]} Rxh1
{[%clk 0:45:41]} 28. Rxh1 {[%clk 1:01:08]} Kf8 {[%clk 0:44:49]} 29. Bf3
{[%clk 0:58:48]} a5 {[%clk 0:43:18]} 30. Rh4 {[%clk 0:57:06]} Qb5
{[%clk 0:40:53]} 31. Qe1 {[%clk 0:51:45]} Qd7 {[%clk 0:38:40]} 32. Be4
{[%clk 0:50:58]} Rc4 {[%clk 0:36:22]} 33. Bd3 {[%clk 0:49:40]} Rxh4
{[%clk 0:35:59]} 34. Qxh4 {[%clk 0:50:06]} Qa7 {[%clk 0:36:08]} 35. Qe1
{[%clk 0:47:11]} Qd4 {[%clk 0:35:49]} 36. Be4 {[%clk 0:47:30]} Bh6
{[%clk 0:34:51]} 37. c3 {[%clk 0:46:44]} bxc3 {[%clk 0:34:56]} 38. bxc3
{[%clk 0:47:09]} Qe3 {[%clk 0:35:05]} 39. Qxe3 {[%clk 0:41:55]} Bxe3
{[%clk 0:35:31]} 40. Kc2 {[%clk 0:42:24]} Ke7 {[%clk 0:35:41]} 41. Kd3
{[%clk 0:42:51]} Bc5 {[%clk 0:35:59]} 42. a4 {[%clk 0:41:54]} Kd7
{[%clk 0:35:21]} 43. Kc4 {[%clk 0:42:18]} Bb6 {[%clk 0:35:42]} 44. Kb5
{[%clk 0:42:42]} Bd8 {[%clk 0:35:24]} 45. Ka6 {[%clk 0:42:35]} Kc8
{[%clk 0:33:41]} 46. Bd3 {[%clk 0:42:33]} Bc7 {[%clk 0:33:26]} 47. c4
{[%clk 0:41:38]} Bd8 {[%clk 0:33:10]} 48. Kb5 {[%clk 0:41:22]} Kd7
{[%clk 0:33:18]} 49. Be4 {[%clk 0:41:22]} Bc7 {[%clk 0:33:24]} 50. Bf3
{[%clk 0:41:04]} Bd8 {[%clk 0:33:16]} 51. Ka6 {[%clk 0:41:09]} Kc8
{[%clk 0:32:33]} 52. Be4 {[%clk 0:39:41]} Bc7 {[%clk 0:32:42]} 53. c5
{[%clk 0:39:24]} dxc5 {[%clk 0:32:45]} 54. Kb5 {[%clk 0:39:52]} Kd7
{[%clk 0:32:50]} 55. Kxc5 {[%clk 0:39:19]} Bd6+ {[%clk 0:33:15]} 56. Kb5
{[%clk 0:39:43]} Bb4 {[%clk 0:33:39]} 57. Kc4 {[%clk 0:39:09]} 1/2-1/2

[Event "14e Open"]
[Site "Mont de Marsan"]
[Date "2017.12.26"]
[Round "1.3"]
[White "Lalondrelle, Pierre"]
[Black "Duboue, Peio"]
[Result "0-1"]
[BlackElo "2399"]
[WhiteElo "1705"]
[LiveChessVersion "1.4.8"]

1. c4 {[%clk 1:30:54]} Nf6 {[%clk 1:30:34]} 2. Nc3 {[%clk 1:31:04]} e5
{[%clk 1:30:04]} 3. g3 {[%clk 1:29:54]} d5 {[%clk 1:30:27]} 4. cxd5
{[%clk 1:29:20]} Nxd5 {[%clk 1:30:52]} 5. Bg2 {[%clk 1:29:24]} Nb6
{[%clk 1:31:17]} 6. Nf3 {[%clk 1:27:15]} Nc6 {[%clk 1:31:43]} 7. O-O
{[%clk 1:27:01]} Be7 {[%clk 1:32:09]} 8. d3 {[%clk 1:26:43]} O-O {[%clk 1:32:33]}
9. Nd2 Be6 {[%clk 1:29:25]} 10. a3 {[%clk 1:23:11]} Qc8 {[%clk 1:25:35]} 11. Re1
{[%clk 1:22:32]} Nd4 {[%clk 1:23:37]} 12. b4 {[%clk 1:20:44]} a5 {[%clk 1:24:00]}
13. bxa5 {[%clk 1:20:26]} Rxa5 {[%clk 1:24:06]} 14. Bb2 {[%clk 1:20:31]} Rd8
{[%clk 1:23:20]} 15. Qb1 {[%clk 1:12:06]} c6 {[%clk 1:21:22]} 16. e3
{[%clk 1:07:27]} Nf5 {[%clk 1:20:52]} 17. Nce4 {[%clk 1:04:37]} Na4
{[%clk 1:15:21]} 18. Bc1 {[%clk 1:01:05]} Qd7 {[%clk 1:13:17]} 19. Bf1
{[%clk 1:01:17]} b5 {[%clk 0:58:07]} 20. Qc2 {[%clk 1:00:46]} Raa8
{[%clk 0:53:34]} 21. Nc3 {[%clk 0:55:49]} Nc5 {[%clk 0:50:34]} 22. Nf3
{[%clk 0:48:15]} Nb3 {[%clk 0:47:37]} 23. Rb1 {[%clk 0:48:25]} Nxc1
{[%clk 0:47:54]} 24. Rbxc1 {[%clk 0:45:54]} Bxa3 {[%clk 0:47:15]} 25. Ra1
{[%clk 0:40:14]} b4 {[%clk 0:46:58]} 26. Ne4 {[%clk 0:40:27]} b3 {[%clk 0:46:22]}
27. Qc3 {[%clk 0:40:13]} f6 {[%clk 0:45:55]} 28. Nfd2 {[%clk 0:39:35]} Qe7
{[%clk 0:41:29]} 29. Reb1 {[%clk 0:36:03]} b2 {[%clk 0:39:07]} 30. Rxa3
{[%clk 0:36:17]} Qxa3 {[%clk 0:38:23]} 31. Qxc6 {[%clk 0:36:27]} Ba2
{[%clk 0:37:16]} 32. Bg2 {[%clk 0:34:38]} Ne7 {[%clk 0:35:17]} 33. Qb6
{[%clk 0:33:35]} Rab8 {[%clk 0:35:27]} 34. Qc7 {[%clk 0:32:53]} Bxb1
{[%clk 0:34:46]} 35. Nxb1 {[%clk 0:33:06]} Qxd3 {[%clk 0:35:05]} 36. Nxf6+
{[%clk 0:32:51]} gxf6 {[%clk 0:35:17]} 37. Qxe7 {[%clk 0:32:45]} Qxb1+
{[%clk 0:35:37]} 38. Bf1 {[%clk 0:33:06]} Qa2 {[%clk 0:34:08]} 0-1

[Event "14e Open"]
[Site "Mont de Marsan"]
[Date "2017.12.26"]
[Round "2.1"]
[White "Lagarde, Maxime"]
[Black "Larand, Manuel"]
[Result "1-0"]
[BlackElo "1940"]
[WhiteElo "2586"]
[LiveChessVersion "1.4.8"]

1. Nf3 {[%clk 1:30:57]} c5 {[%clk 1:30:33]} 2. c4 {[%clk 1:30:37]} g6
{[%clk 1:30:39]} 3. d4 {[%clk 1:30:20]} cxd4 {[%clk 1:30:39]} 4. Nxd4
{[%clk 1:30:45]} Bg7 {[%clk 1:31:02]} 5. e4 {[%clk 1:30:48]} Nc6 {[%clk 1:30:42]}
6. Nc2 {[%clk 1:31:09]} d6 {[%clk 1:30:15]} 7. Be2 {[%clk 1:31:30]} Nh6
{[%clk 1:26:04]} 8. g4 {[%clk 1:29:00]} Be6 {[%clk 1:14:08]} 9. Nc3
{[%clk 1:24:34]} f5 {[%clk 1:09:52]} 10. gxf5 {[%clk 1:17:52]} gxf5
{[%clk 1:09:58]} 11. Rg1 {[%clk 1:18:10]} Bxc3+ {[%clk 1:05:06]} 12. bxc3
{[%clk 1:18:31]} Nf7 {[%clk 1:05:05]} 13. Nd4 {[%clk 1:13:06]} Nxd4
{[%clk 1:01:46]} 14. Qxd4 {[%clk 1:12:31]} Qa5 {[%clk 1:01:52]} 15. Rb1
{[%clk 1:11:14]} fxe4 {[%clk 0:52:14]} 16. Rxb7 {[%clk 1:08:48]} Qe5
{[%clk 0:49:51]} 17. Be3 {[%clk 1:04:25]} Qxh2 {[%clk 0:44:28]} 18. Rg3
{[%clk 0:35:36]} Qh1+ {[%clk 0:42:08]} 19. Kd2 {[%clk 0:35:28]} Rf8
{[%clk 0:36:56]} 20. c5 {[%clk 0:33:04]} Bd7 {[%clk 0:31:25]} 21. Rxd7
{[%clk 0:29:18]} Kxd7 {[%clk 0:31:17]} 22. Qa4+ {[%clk 0:29:44]} Ke6
{[%clk 0:29:43]} 23. Bc4+ {[%clk 0:29:24]} Kf6 {[%clk 0:27:23]} 24. Qd7
{[%clk 0:29:30]} 1-0

[Event "14e Open"]
[Site "Mont de Marsan"]
[Date "2017.12.26"]
[Round "2.2"]
[White "Duboue, Peio"]
[Black "Delabbey, Florian"]
[Result "1/2-1/2"]
[BlackElo "1894"]
[WhiteElo "2399"]
[LiveChessVersion "1.4.8"]

1. e4 {[%clk 1:30:58]} c5 {[%clk 1:30:46]} 2. Nf3 {[%clk 1:31:24]} Nc6
{[%clk 1:30:54]} 3. d4 {[%clk 1:31:43]} cxd4 {[%clk 1:31:11]} 4. Nxd4
{[%clk 1:32:10]} g6 {[%clk 1:31:14]} 5. Nb3 {[%clk 1:32:16]} Bg7 {[%clk 1:31:11]}
6. Be2 {[%clk 1:32:38]} Nf6 {[%clk 1:31:13]} 7. Nc3 {[%clk 1:33:04]} O-O
{[%clk 1:30:33]} 8. O-O {[%clk 1:33:28]} d6 {[%clk 1:30:20]} 9. Be3
{[%clk 1:32:30]} Be6 {[%clk 1:30:10]} 10. f4 {[%clk 1:31:50]} Qc8
{[%clk 1:30:31]} 11. h3 {[%clk 1:24:18]} Rd8 {[%clk 1:28:21]} 12. Bf3
{[%clk 1:19:01]} d5 {[%clk 1:16:22]} 13. e5 {[%clk 1:19:19]} Ne4 {[%clk 1:16:14]}
14. Ne2 {[%clk 1:11:37]} f6 {[%clk 1:12:43]} 15. exf6 {[%clk 1:11:40]} Bxf6
{[%clk 1:10:28]} 16. Ned4 {[%clk 1:09:10]} Bf7 {[%clk 1:00:12]} 17. c3
{[%clk 1:06:21]} Nxd4 {[%clk 0:58:26]} 18. Bxd4 {[%clk 1:05:50]} Ng3
{[%clk 0:58:26]} 19. Re1 {[%clk 1:05:46]} Nf5 {[%clk 0:57:59]} 20. Bg4
{[%clk 0:56:30]} h5 {[%clk 0:51:39]} 21. Bxf5 {[%clk 0:56:11]} Qxf5
{[%clk 0:52:00]} 22. Bxf6 {[%clk 0:56:37]} exf6 {[%clk 0:49:55]} 23. Qf3
{[%clk 0:56:40]} Re8 {[%clk 0:48:18]} 24. Nd4 {[%clk 0:56:59]} Qd7
{[%clk 0:48:17]} 25. h4 {[%clk 0:48:10]} Rxe1+ {[%clk 0:46:39]} 26. Rxe1
{[%clk 0:48:33]} Re8 {[%clk 0:46:45]} 27. Rxe8+ {[%clk 0:48:19]} Qxe8
{[%clk 0:46:32]} 28. Qe2 {[%clk 0:48:20]} Qxe2 {[%clk 0:45:49]} 29. Nxe2
{[%clk 0:48:43]} d4 {[%clk 0:46:15]} 30. cxd4 {[%clk 0:41:20]} Bxa2
{[%clk 0:46:30]} 31. Nc3 {[%clk 0:41:06]} Bc4 {[%clk 0:46:10]} 32. Ne4
{[%clk 0:36:33]} Kg7 {[%clk 0:46:34]} 33. Kf2 {[%clk 0:35:59]} Bd5
{[%clk 0:45:42]} 34. Nc3 {[%clk 0:36:22]} Bc4 {[%clk 0:43:30]} 35. Ke3
{[%clk 0:36:43]} Kf7 {[%clk 0:43:03]} 36. d5 {[%clk 0:37:03]} Ke7
{[%clk 0:42:44]} 37. Kd4 {[%clk 0:37:04]} Bf1 {[%clk 0:42:45]} 38. g3
{[%clk 0:37:30]} Bg2 {[%clk 0:42:30]} 39. Nd1 {[%clk 0:32:43]} Bf3
{[%clk 0:37:29]} 40. Ne3 {[%clk 0:32:51]} b6 {[%clk 0:36:19]} 41. f5
{[%clk 0:31:29]} g5 {[%clk 0:35:51]} 42. hxg5 {[%clk 0:17:15]} fxg5
{[%clk 0:36:15]} 43. Ke5 {[%clk 0:17:33]} h4 {[%clk 0:36:35]} 44. d6+
{[%clk 0:17:20]} Kf7 {[%clk 0:36:52]} 45. gxh4 {[%clk 0:17:39]} gxh4
{[%clk 0:37:06]} 46. Kf4 {[%clk 0:17:58]} Bc6 {[%clk 0:36:14]} 47. Ng4
{[%clk 0:07:36]} Bd7 {[%clk 0:33:05]} 48. Ne5+ {[%clk 0:03:49]} Ke8
{[%clk 0:33:31]} 49. f6 {[%clk 0:04:02]} Be6 {[%clk 0:33:03]} 50. d7+
{[%clk 0:02:38]} Bxd7 {[%clk 0:32:58]} 51. f7+ {[%clk 0:01:57]} Ke7
{[%clk 0:33:23]} 52. Nxd7 {[%clk 0:01:30]} Kxf7 {[%clk 0:33:49]} 53. Kg4
{[%clk 0:01:46]} Ke6 {[%clk 0:34:14]} 54. Nb8 {[%clk 0:02:01]} Kd5
{[%clk 0:34:40]} 55. Kxh4 {[%clk 0:02:23]} Kc4 {[%clk 0:35:04]} 56. b4
{[%clk 0:01:00]} a5 {[%clk 0:33:50]} 57. Nd7 {[%clk 0:01:10]} axb4
{[%clk 0:33:30]} 58. Nxb6+ {[%clk 0:01:35]} Kc3 {[%clk 0:33:52]} 59. Nd5+
{[%clk 0:02:02]} Kb3 {[%clk 0:34:18]} 60. Nxb4 {[%clk 0:02:28]} Kxb4
{[%clk 0:34:44]} 1/2-1/2

[Event "14e Open"]
[Site "Mont de Marsan"]
[Date "2017.12.26"]
[Round "2.3"]
[White "Cazeaux, Didier"]
[Black "Tejedor Fuente, Enrique"]
[Result "0-1"]
[BlackElo "2370"]
[WhiteElo "1922"]
[LiveChessVersion "1.4.8"]

1. e4 {[%clk 1:30:06]} c5 {[%clk 1:30:58]} 2. Nc3 {[%clk 1:30:30]} Nc6
{[%clk 1:30:53]} 3. f4 {[%clk 1:30:53]} g6 {[%clk 1:30:00]} 4. Nf3
{[%clk 1:31:17]} Bg7 {[%clk 1:29:50]} 5. Bc4 {[%clk 1:31:09]} e6 {[%clk 1:29:25]}
6. f5 {[%clk 1:30:22]} Nge7 {[%clk 1:25:45]} 7. fxe6 {[%clk 1:30:26]} dxe6
{[%clk 1:25:44]} 8. d3 {[%clk 1:30:27]} O-O {[%clk 1:23:54]} 9. O-O
{[%clk 1:30:47]} Nd4 {[%clk 1:22:35]} 10. Ne2 {[%clk 1:25:43]} Nxf3+
{[%clk 1:22:47]} 11. Rxf3 {[%clk 1:25:58]} Nc6 {[%clk 1:23:12]} 12. Rf1
{[%clk 1:24:23]} Ne5 {[%clk 1:20:37]} 13. Bb3 {[%clk 1:23:30]} b5
{[%clk 1:17:10]} 14. Be3 {[%clk 1:13:38]} Ng4 {[%clk 1:14:43]} 0-1

[Event "14e Open"]
[Site "Mont de Marsan"]
[Date "2017.12.26"]
[Round "3.1"]
[White "Quillien, Emmanuel"]
[Black "Lagarde, Maxime"]
[Result "0-1"]
[BlackElo "2586"]
[WhiteElo "2131"]
[LiveChessVersion "1.4.8"]

1. e3 {[%clk 1:30:46]} Nf6 {[%clk 1:22:35]} 2. Nf3 {[%clk 1:30:45]} g6
{[%clk 1:22:30]} 3. Be2 {[%clk 1:26:39]} Bg7 {[%clk 1:22:55]} 4. O-O
{[%clk 1:26:55]} O-O {[%clk 1:23:14]} 5. c4 {[%clk 1:26:47]} b6 {[%clk 1:20:51]}
6. d4 {[%clk 1:24:49]} Bb7 {[%clk 1:21:06]} 7. Nc3 {[%clk 1:22:23]} e6
{[%clk 1:20:59]} 8. b3 {[%clk 1:20:53]} d6 {[%clk 1:18:42]} 9. Bb2
{[%clk 1:20:30]} Nbd7 {[%clk 1:18:38]} 10. Qc2 {[%clk 1:19:41]} a6
{[%clk 1:17:45]} 11. Rfd1 {[%clk 1:17:43]} Qe7 {[%clk 1:16:24]} 12. b4
{[%clk 1:14:17]} c5 {[%clk 1:03:59]} 13. bxc5 {[%clk 1:11:17]} bxc5
{[%clk 1:04:01]} 14. Rab1 {[%clk 0:59:15]} Rac8 {[%clk 1:03:18]} 15. d5
{[%clk 0:55:46]} Rc7 {[%clk 0:56:44]} 16. Qa4 {[%clk 0:45:51]} exd5
{[%clk 0:49:54]} 17. Nxd5 {[%clk 0:46:10]} Nxd5 {[%clk 0:38:04]} 18. Bxg7
{[%clk 0:45:16]} Kxg7 {[%clk 0:37:56]} 19. cxd5 {[%clk 0:45:38]} Nf6
{[%clk 0:37:31]} 20. Bc4 {[%clk 0:38:59]} Bc8 {[%clk 0:35:17]} 21. Rb8
{[%clk 0:29:21]} Bd7 {[%clk 0:30:55]} 22. Qa5 {[%clk 0:29:34]} Rxb8
{[%clk 0:31:08]} 23. Qxc7 {[%clk 0:29:58]} Rb2 {[%clk 0:31:26]} 24. Bb3
{[%clk 0:27:41]} Ne4 {[%clk 0:30:39]} 25. Ba4 {[%clk 0:05:41]} Nc3
{[%clk 0:30:19]} 0-1

[Event "14e Open"]
[Site "Mont de Marsan"]
[Date "2017.12.26"]
[Round "3.2"]
[White "Tejedor Fuente, Enrique"]
[Black "Doyen, Remi"]
[Result "1-0"]
[BlackElo "2094"]
[WhiteElo "2370"]
[LiveChessVersion "1.4.8"]

1. e4 {[%clk 1:30:58]} c5 {[%clk 1:30:50]} 2. Nf3 {[%clk 1:31:09]} Nc6
{[%clk 1:31:04]} 3. Nc3 {[%clk 1:30:31]} g6 {[%clk 1:31:27]} 4. Bb5
{[%clk 1:29:28]} Bg7 {[%clk 1:26:39]} 5. O-O {[%clk 1:29:03]} Nf6
{[%clk 1:18:42]} 6. e5 {[%clk 1:15:19]} Ng4 {[%clk 1:17:16]} 7. Bxc6
{[%clk 1:13:34]} dxc6 {[%clk 1:17:35]} 8. Re1 {[%clk 1:03:20]} O-O
{[%clk 1:16:17]} 9. d3 {[%clk 1:02:23]} b6 {[%clk 1:11:58]} 10. Bf4
{[%clk 0:58:08]} Nh6 {[%clk 1:10:59]} 11. d4 {[%clk 0:47:09]} cxd4
{[%clk 1:00:22]} 12. Nxd4 {[%clk 0:47:00]} c5 {[%clk 0:56:30]} 13. Nc6
{[%clk 0:42:13]} Qe8 {[%clk 0:48:04]} 14. Nd5 {[%clk 0:42:01]} Nf5
{[%clk 0:48:01]} 15. Ncxe7+ {[%clk 0:42:27]} Nxe7 {[%clk 0:47:14]} 16. Nf6+
{[%clk 0:42:56]} Bxf6 {[%clk 0:47:09]} 17. exf6 {[%clk 0:43:24]} Be6
{[%clk 0:46:40]} 18. fxe7 {[%clk 0:43:38]} Qxe7 {[%clk 0:47:03]} 19. Bd6
{[%clk 0:44:03]} Qf6 {[%clk 0:46:46]} 20. Bxf8 {[%clk 0:44:29]} Rxf8
{[%clk 0:47:12]} 21. c3 {[%clk 0:42:04]} h5 {[%clk 0:44:50]} 22. Qe2
{[%clk 0:41:15]} Qg5 {[%clk 0:39:19]} 23. Qe3 {[%clk 0:39:22]} Qf5
{[%clk 0:39:02]} 24. b3 {[%clk 0:35:05]} c4 {[%clk 0:37:39]} 25. b4
{[%clk 0:34:07]} Rd8 {[%clk 0:36:26]} 26. Rad1 {[%clk 0:33:43]} Rd3
{[%clk 0:36:01]} 27. Rxd3 {[%clk 0:33:34]} cxd3 {[%clk 0:36:25]} 28. Qd4
{[%clk 0:32:47]} b5 {[%clk 0:34:29]} 29. Re3 {[%clk 0:30:56]} Kh7
{[%clk 0:34:38]} 30. Qxd3 {[%clk 0:31:09]} Qg4 {[%clk 0:34:02]} 31. Qxb5
{[%clk 0:29:02]} Bxa2 {[%clk 0:32:33]} 32. Qe2 {[%clk 0:29:14]} Qd7
{[%clk 0:32:45]} 33. Re7 {[%clk 0:28:59]} Qa4 {[%clk 0:32:52]} 34. h3
{[%clk 0:29:06]} Be6 {[%clk 0:32:44]} 35. Qxe6 {[%clk 0:29:06]} 1-0

[Event "14e Open"]
[Site "Mont de Marsan"]
[Date "2017.12.26"]
[Round "3.3"]
[White "Fernandez Fernandez, Juan Carlos"]
[Black "Etchegaray, Patrice"]
[Result "0-1"]
[BlackElo "2362"]
[WhiteElo "2035"]
[LiveChessVersion "1.4.8"]

1. d4 {[%clk 1:30:58]} Nf6 {[%clk 1:30:44]} 2. c4 {[%clk 1:31:20]} Nc6
{[%clk 1:30:41]} 3. Nc3 {[%clk 1:31:06]} e5 {[%clk 1:30:56]} 4. Nf3
{[%clk 1:29:58]} e4 {[%clk 1:28:26]} 5. Ng5 {[%clk 1:27:16]} Bb4 {[%clk 1:22:16]}
6. d5 {[%clk 1:18:17]} Na5 {[%clk 1:14:44]} 7. Qd4 {[%clk 1:15:02]} Qe7
{[%clk 1:13:06]} 8. e3 {[%clk 0:59:22]} c5 {[%clk 1:01:53]} 9. Qd1
{[%clk 0:57:42]} Bxc3+ {[%clk 1:01:21]} 10. bxc3 {[%clk 0:58:09]} b6
{[%clk 1:01:21]} 11. h4 {[%clk 0:52:23]} Ba6 {[%clk 0:57:28]} 12. Qa4
{[%clk 0:52:01]} O-O {[%clk 0:57:22]} 13. Be2 {[%clk 0:52:16]} h6
{[%clk 0:55:50]} 14. Nh3 {[%clk 0:52:27]} Ne8 {[%clk 0:56:03]} 15. Ba3
{[%clk 0:51:09]} Rc8 {[%clk 0:52:31]} 16. Nf4 {[%clk 0:47:16]} Nd6
{[%clk 0:52:31]} 17. g4 {[%clk 0:46:38]} Bxc4 {[%clk 0:51:34]} 18. O-O-O
{[%clk 0:43:16]} Bxa2 {[%clk 0:50:28]} 19. Bxc5 {[%clk 0:41:23]} Rxc5
{[%clk 0:50:21]} 20. Qxa2 {[%clk 0:41:45]} Rxc3+ {[%clk 0:50:32]} 21. Kb1
{[%clk 0:41:57]} Rfc8 {[%clk 0:49:01]} 22. g5 {[%clk 0:37:54]} Rb3+
{[%clk 0:47:29]} 23. Ka1 {[%clk 0:37:42]} Nf5 {[%clk 0:47:43]} 0-1